<?xml version="1.0" encoding="UTF-8"?>
<record
    xmlns:xsi="http://www.w3.org/2001/XMLSchema-instance"
    xsi:schemaLocation="http://www.loc.gov/MARC21/slim http://www.loc.gov/standards/marcxml/schema/MARC21slim.xsd"
    xmlns="http://www.loc.gov/MARC21/slim">

  <leader>01623njm a22002657a 4500</leader>
  <controlfield tag="005">20100909133944.0</controlfield>
  <controlfield tag="007">sd ammalaaahaa</controlfield>
  <controlfield tag="008">100830t        xxu||||| |||| 00| 0 hin d</controlfield>
  <datafield tag="028" ind1=" " ind2=" ">
    <subfield code="a">N-55436</subfield>
    <subfield code="b">His Master's Voice</subfield>
  </datafield>
  <datafield tag="035" ind1=" " ind2=" ">
    <subfield code="a">GR-01664</subfield>
  </datafield>
  <datafield tag="040" ind1=" " ind2=" ">
    <subfield code="a">SED/VEN</subfield>
  </datafield>
  <datafield tag="100" ind1=" " ind2=" ">
    <subfield code="9">17458</subfield>
    <subfield code="a">Asha Bhosle</subfield>
  </datafield>
  <datafield tag="245" ind1=" " ind2=" ">
    <subfield code="a">Hare canch ki chudiya /</subfield>
    <subfield code="h">[Sound recording] :</subfield>
    <subfield code="c">by Asha Bhosle, Mohd rafi music (Shanker jai kishan) (Shailendra)</subfield>
  </datafield>
  <datafield tag="246" ind1=" " ind2=" ">
    <subfield code="a">&#x939;&#x930;&#x947;  &#x915;&#x93E;&#x902;&#x91A;  &#x915;&#x940;  &#x91A;&#x942;&#x921;&#x93C;&#x93F;&#x92F;&#x93E;  /(Hare canch ki chudiya )</subfield>
    <subfield code="h"> &#x939;&#x930;&#x947;  &#x915;&#x93E;&#x902;&#x91A;  &#x915;&#x940;  &#x91A;&#x942;&#x921;&#x93C;&#x93F;&#x92F;&#x93E;  /(Hare canch ki chudiya )Asha Bhosle, Mohd rafi music (Shanker jai kishan) (Shailendra)</subfield>
  </datafield>
  <datafield tag="260" ind1=" " ind2=" ">
    <subfield code="a">Dum Dum, India </subfield>
    <subfield code="b">His Master's Voice</subfield>
  </datafield>
  <datafield tag="300" ind1=" " ind2=" ">
    <subfield code="a">1 Sound disc [Gramophone Record] :</subfield>
    <subfield code="b">analog, 33 1/3 rpm</subfield>
    <subfield code="c">12 in (LP)</subfield>
    <subfield code="f">Gramophone Records</subfield>
  </datafield>
  <datafield tag="500" ind1=" " ind2=" ">
    <subfield code="a">Brief record </subfield>
  </datafield>
  <datafield tag="505" ind1=" " ind2=" ">
    <subfield code="a">&#x92A;&#x93E;&#x930;&#x94D;&#x91F; &#x967; &#x939;&#x930;&#x947;  &#x915;&#x93E;&#x902;&#x91A;  &#x915;&#x940;  &#x91A;&#x942;&#x921;&#x93C;&#x93F;&#x92F;&#x93E; (&#x939;&#x930;&#x947;  &#x915;&#x93E;&#x902;&#x91A;  &#x915;&#x940;  &#x91A;&#x942;&#x921;&#x93C;&#x93F;&#x92F;&#x93E;)(&#x906;&#x936;&#x93E; &#x92D;&#x94B;&#x938;&#x932;&#x947;)(&#x92E;&#x94B;&#x939;&#x926; &#x930;&#x92B;&#x93C;&#x940; ) &#x92E;&#x94D;&#x92F;&#x942;&#x91C;&#x93F;&#x915; (&#x936;&#x902;&#x915;&#x930;  &#x91C;&#x92F;  &#x915;&#x93F;&#x936;&#x928; )(&#x936;&#x948;&#x932;&#x947;&#x928;&#x94D;&#x926;&#x94D;&#x930; ) Part 1 Hare canch ki chudiya  (Hare canch ki chudiya )(Asha Bhosle )( Mohd rafi ) music (Shanker jai kishan) (Shailendra)  &#x92A;&#x93E;&#x930;&#x94D;&#x91F; &#x968; &#x92A;&#x902;&#x91B;&#x940;  &#x930;&#x947; &#x914; &#x92A;&#x902;&#x91B;&#x940;   Part 2  panchi re ao panchi</subfield>
  </datafield>
  <datafield tag="650" ind1=" " ind2=" ">
    <subfield code="a">Orchestra</subfield>
    <subfield code="9">1186</subfield>
    <subfield code="z">India</subfield>
    <subfield code="x">Excerpts</subfield>
  </datafield>
  <datafield tag="700" ind1=" " ind2=" ">
    <subfield code="9">17459</subfield>
    <subfield code="a">Mohd rafi </subfield>
  </datafield>
  <datafield tag="700" ind1=" " ind2=" ">
    <subfield code="9">19119</subfield>
    <subfield code="a">Sanker jai kishan </subfield>
  </datafield>
  <datafield tag="700" ind1=" " ind2=" ">
    <subfield code="a">Shailendra</subfield>
    <subfield code="9">19140</subfield>
  </datafield>
  <datafield tag="942" ind1=" " ind2=" ">
    <subfield code="2">ddc</subfield>
    <subfield code="c">GR</subfield>
  </datafield>
  <datafield tag="999" ind1=" " ind2=" ">
    <subfield code="c">44778</subfield>
    <subfield code="d">44778</subfield>
  </datafield>
  <datafield tag="952" ind1=" " ind2=" ">
    <subfield code="0">0</subfield>
    <subfield code="1">0</subfield>
    <subfield code="2">ddc</subfield>
    <subfield code="4">0</subfield>
    <subfield code="7">1</subfield>
    <subfield code="8">NFIC</subfield>
    <subfield code="a">L</subfield>
    <subfield code="b">L</subfield>
    <subfield code="d">2010-09-09</subfield>
    <subfield code="e">SED/VED</subfield>
    <subfield code="l">0</subfield>
    <subfield code="p">GR-01664</subfield>
    <subfield code="r">2010-09-09 00:00:00</subfield>
    <subfield code="t">1</subfield>
    <subfield code="w">2010-09-09</subfield>
    <subfield code="y">GR</subfield>
  </datafield>
</record>
